Pergaduhan di pangsapuri
| Main Author: | |
|---|---|
| Format: | Book |
| Published: |
Kuala Lumpur :
Pustaka Printis ,
1996
|
| Series: | Siri Kisah Penderitaan Kami
|
| Subjects: |
MARC
| LEADER | 00000cam a2200000 7i4500 | ||
|---|---|---|---|
| 001 | 0000008494 | ||
| 002 | 000009256 | ||
| 005 | 20000330.0 | ||
| 020 | |a 983832213X | ||
| 090 | 0 | 0 | |a JF |b WSU |
| 100 | 1 | |a W.S.Uzala | |
| 245 | 1 | 0 | |a Pergaduhan di pangsapuri |c W.S.Uzala |
| 260 | |a Kuala Lumpur : |b Pustaka Printis , |c 1996 | ||
| 300 | |a 51p. : |b ill. ; |c 19cm. | ||
| 490 | 0 | |a Siri Kisah Penderitaan Kami | |
| 650 | 0 | 0 | |a Children's stories, Malay |
| 999 | |a 049580 |b BUKU |c PINJAMAN |e PERPUSTAKAAN KOMUNITI PETALING JAYA | ||